000 02064cam a2200505 a 4500
001 BK0002635013
003 DLC
005 20241220125237.0
008 950111s1995 nyua j 000 1 eng
010 _a95003237
020 _a9780679863724 : PAP
_c$3.99
020 _a0679863729 : PAP
_c$3.99
037 _bRandom House Childrens Books, Attn Order Entry 400 Hahn rd, Westminister, MD, USA, 21157
_nSAN 201-3975
040 _aDLC
_cDLC
_dDLC
_erda
050 0 0 _aPZ7.O81167
_bAf 1995
082 0 0 _a[Fic]
_220
092 _aFIC
100 1 _aOsborne, Mary Pope.
_96355336
245 1 0 _aAfternoon on the Amazon /
_cby Mary Pope Osborne ; illustrated by Sal Murdocca.
246 _bMagic Tree House
246 _bMagic Tree House Book Six
246 _bMagic Tree House Book 6
260 _aNew York :
_bRandom House,
_c1995.
264 1 _aNY :
_bRandom House,
_c1995.
300 _a67 p. :
_bill. ;
_c20 cm.
336 _atext
336 _astill image
337 _aunmediated
338 _avolume
490 1 _aMagic tree house series ;
_v#6
500 _a"A First stepping stone book."
520 _aEight-year-old Jack, his seven-year-old sister, Annie, and Peanut the mouse ride in a tree house to the Amazon rain forests, where they encounter giant ants, flesh-eating piranhas, hungry crocodiles, and wild jaguars.
521 _aRL:2.1 006-009
650 1 _aRain forests
_xFiction.
_96355337
650 1 _aRain forest animals
_xFiction.
_96355338
650 1 _aAdventure and adventurers
_xFiction.
_95677004
650 1 _aTree houses
_xFiction.
_95749306
651 1 _aAmazon River Valley
_xFiction.
_96355339
700 1 _aMurdocca, Sal,
_eill.
_97325
800 1 _aOsborne, Mary Pope.
_tMagic tree house series ;
_v#6.
_937102
856 4 2 _3Contributor biographical information
856 4 2 _uhttp://www.loc.gov/catdir/bios/random057/95003237.html
_3Publisher description
856 4 2 _uhttp://www.loc.gov/catdir/description/random041/95003237.html
942 0 0 _2ddc
_cBOOK
999 _c69971
_d69971